ARRUPE JESUIT UNIVERSITY

CORONAVIRUS -STOP THE SPREAD - CLEAN,DISINFECT,COVER

Beknopte verklarende woordeboek, (Record no. 119818)

MARC details
000 -LEADER
fixed length control field 00629cam a2200205u 4500
001 - CONTROL NUMBER
control field 8933370
003 - CONTROL NUMBER IDENTIFIER
control field ARRUPE
005 - DATE AND TIME OF LATEST TRANSACTION
control field 20140203173920.0
008 - FIXED-LENGTH DATA ELEMENTS--GENERAL INFORMATION
fixed length control field 810515s1961 sa d 000 0 dut
010 ## - LIBRARY OF CONGRESS CONTROL NUMBER
LC control number 65067286
040 ## - CATALOGING SOURCE
Original cataloging agency DLC
Transcribing agency CarP
Modifying agency DLC
050 00 - LIBRARY OF CONGRESS CALL NUMBER
Classification number PF862
Item number .K67
300 ## - PHYSICAL DESCRIPTION
Dimensions 19 cm.
100 1# - MAIN ENTRY--PERSONAL NAME
Personal name Kritzinger, Matthys Stefanus Benjamin,
Dates associated with a name 1896- [from old catalog]
9 (RLIN) 7488
245 00 - TITLE STATEMENT
Title Beknopte verklarende woordeboek,
260 ## - PUBLICATION, DISTRIBUTION, ETC. (IMPRINT)
Place of publication, distribution, etc Pretoria,
Name of publisher, distributor, etc J. L. Van Schaik,
Date of publication, distribution, etc 1961.
300 ## - PHYSICAL DESCRIPTION
Extent 542 p.
650 #0 - SUBJECT ADDED ENTRY--TOPICAL TERM
Topical term or geographic name as entry element Afrikaans language
Form subdivision Dictionaries.
9 (RLIN) 7489
906 ## - LOCAL DATA ELEMENT F, LDF (RLIN)
a 0
b cbc
c premunv
d u
e ncip
f 19
g y-gencatlg
942 ## - ADDED ENTRY ELEMENTS (KOHA)
Source of classification or shelving scheme Library of Congress Classification
Koha item type Monograph ( Printed materials)
Holdings
Withdrawn status Lost status Source of classification or shelving scheme Damaged status Not for loan Collection code Home library Current library Shelving location Date acquired Total Checkouts Full call number Barcode Date last seen Price effective from Koha item type
    Library of Congress Classification     Main Collection ARRUPE LIBRARY ARRUPE LIBRARY Main Collection 31/01/2014   PF862 .K67 1967 46412067 27/02/2019 31/01/2014 Monograph ( Printed materials)

 

Arrupe Library. PO Box MP320 Mt Pleasant, Harare, Zimbabwe
263 242 745411|librarian@aju.ac.zw